Reveal and Unscramble Countries - Statistics

General Stats
  • This quiz has been taken 45 times
  • The average score is 11 of 32
Answer Stats
Answer % Correct
Alps
98%
Red
80%
Edinburgh
78%
Mexico
71%
Iran
63%
Borneo
46%
Rand
46%
Prague
39%
Tunisia
39%
Congo
37%
Las Vegas
32%
Norway
32%
Chesapeake
29%
Orinoco
29%
York
29%
Austria
27%
Jeju
24%
Kyushu
24%
British Columbia
22%
Estonia
22%
Zanzibar
22%
Ethiopia
20%
New Zealand
20%
Adriatic
17%
Bolivia
17%
Kansas City
17%
Netherlands
17%
Panama
17%
Azov
15%
Gibraltar
15%
Oder
15%
Shinto
15%
No matching quizzes found
Score Distribution
Percent of People with Each Score
Percentile by Number Answered
Your Score History
You have not taken this quiz